| 000 | 01705cam a2200421 a 4500 | ||
|---|---|---|---|
| 001 | lifeofpartydemoc00kuttrich | ||
| 003 | CaSfIA | ||
| 005 | 20210118164157.0 | ||
| 007 | cr|||| | ||
| 008 | 880120t19881987nyu b 001 0 eng | ||
| 010 | _a 88002412 | ||
| 040 |
_aDLC _cDLC _dNLGGC _dBTCTA _dBAKER _dYDXCP _dCaSfIA |
||
| 020 | _a0140098771 (pbk.) | ||
| 020 | _a9780140098778 (pbk.) | ||
| 035 | _a(OCoLC)17441362 | ||
| 043 | _an-us--- | ||
| 050 | 1 | 0 |
_aJK2316 _b.K87 1988 |
| 082 | 0 | 0 |
_a324.2736 _219 |
| 084 |
_a89.61 _2bcl |
||
| 100 | 1 | _aKuttner, Robert. | |
| 245 | 1 | 4 |
_aThe life of the party : _h[electronic resource] _bDemocratic prospects in 1988 and beyond / _cRobert Kuttner. |
| 260 |
_aNew York : _bPenguin, _c1988, c1987. |
||
| 300 |
_axviii, 265 p. ; _c20 cm. |
||
| 504 | _aBibliography: p. [249]-256. | ||
| 500 | _aIncludes index. | ||
| 610 | 2 | 0 | _aDemocratic Party (U.S.) |
| 650 | 0 |
_aLiberalism _zUnited States. |
|
| 650 | 0 |
_aPopulism _zUnited States. |
|
| 651 | 0 |
_aUnited States _xPolitics and government _y1981-1989. |
|
| 856 | 4 | 1 |
_uhttp://www.archive.org/details/lifeofpartydemoc00kuttrich _zFree eBook from the Internet Archive |
| 856 | 4 | 2 |
_uhttp://www.openlibrary.org/books/OL2527174M _zAdditional information and access via Open Library |
| 029 | 1 |
_aNLGGC _b047381493 |
|
| 029 | 1 |
_aNZ1 _b3488977 |
|
| 029 | 1 |
_aAU@ _b000005716031 |
|
| 942 | _cEB | ||
| 506 | _fНеобхідна авторизація на https://archive.org/ (створення облікового запису безкоштовно) | ||
| 506 | _fНеобхідна авторизація на https://openlibrary.org/ (створення облікового запису безкоштовно) | ||
| 999 |
_c518770 _d518770 |
||